Estabilización de arcillas expansivas con cal

保存先:
書誌詳細
第一著者: Mora Lagos, Alvaro
フォーマット: 図書
出版事項: San José, Costa Rica 1993
主題:
タグ: タグ追加
タグなし, このレコードへの初めてのタグを付けませんか!

MARC

LEADER 00000nam a2200000Ia 4500
003 005569
005 20221231144320.0
008 140114s1993 cr a m 000 ||s d
040 |c cru CEDI 
090 |a TFG 2677 
100 |a Mora Lagos, Alvaro  |9 12272 
245 |a Estabilización de arcillas expansivas con cal  
260 |c 1993  |a San José, Costa Rica 
300 |a  [83] hojas : ilustraciones ; 28 cm.  
500 |a  Tesis (licenciatura en ingeniería civil)--Universidad de Costa Rica. Facultad de Ingeniería. Escuela de Ingeniería Civil 
650 |x MONTMORILLONITA   |x CAL  |9 12273 
942 |c TFG 
999 |c 20024  |d 20024